000 00904nmm a2200289 a 4500
001 ocm0001864840
003 TR-IsHL
005 20201028172020.0
008 180418s2018 tu tur
007 cr cn
020 _a9786058199033
035 _a1864840
_b(N$T)
050 0 4 _aPL248.P65
_bY87 2018
090 0 4 _aPL248.P65
_bY87 2018
100 1 _aPolat, Seyit Ahmet
245 1 0 _aYüreğimden tut
_h[electronic resource] /
_cSeyit Ahmet Polat ; editör Hatice Öztürk
250 _aBirinci basım
260 _aİstanbul :
_bMola Kitap,
_c2018
300 _a257 p.
650 4 _aDil ve Edebiyat
650 4 _aLanguage and Literature
650 0 _aTürk romanı
650 0 _aTurkish fiction
650 7 _aJUVENILE FICTION / General
_2bisacsh
700 1 _aÖztürk, Hatice
856 4 0 _uhttp://search.ebscohost.com/login.aspx?direct=true&scope=site&db=e011xww&AN=1864840
999 _c16991
_d16991